00766 2200265 4500001002100000005001500021035002500036090002000061090002100081245006700102250000900169260003000178300002900208007000300237008004100240020001900281040001700300082001600317084001800333100002700351650006300378999002100441990002100462990001700483YOGYA00000000004477220211006100040 a0010-081400000044490 aR 346.048 MAS h aCB-D.11 2008-4841 aHimpunan undang-undang hak kekayaan intelektual /cMassudilawe aed.131aYogyakarta :bAndi,c2008 aviii, 344 hlm. ;c20 cm.ta130831s2008 yoi g l 0 ind d a979-763-0403-1 aYOPDYOGbind04222a346.048 a346.048 MAS h0 aMassudilaweePengarang 4aHak kekayaan intelektual--xUndang-undang, Peraturan, dsb. aCB-D.11/2008-484 aCB-D.11/2008-484 a4916-PD/B.10